Heye puzzle 1000 [juego] : monsters /
Guardado en:
| Formato: | Objeto Físico |
|---|---|
| Publicado: |
Alemania :
Heye,
c2014.
|
| Materias: | |
| Etiquetas: |
Agregar Etiqueta
Sin Etiquetas, Sea el primero en etiquetar este registro!
|
| LEADER | 00576nrm a22001695g 4500 | ||
|---|---|---|---|
| 001 | CEM.cems019205 | ||
| 008 | 130507s2014##################0###0#####d | ||
| 005 | 20220829205812.0 | ||
| 003 | CEMS | ||
| 245 | 0 | 0 | |a Heye puzzle 1000 [juego] : |b monsters / |c Heye |
| 260 | |a Alemania : |b Heye, |c c2014. | ||
| 300 | |a 1 juego(1000 piezas de cartón) ; en caja 70 x 50 x 6 cm. | ||
| 490 | M | o | |s ters / Michael Slack |
| 500 | |a Para 1 o más jugadores a partir de 14 años y adultos. | ||
| 082 | 0 | 4 | |a J793.73 |
| 653 | |a 1. juegos de rompecabezas | ||
| 859 | |a CEMS |b BIB. CEMS - Ludoteca |h J793.73 |i H514 |p 433.16 |t Ej.1 | ||
